| 000 | 01060nam a22002537a 4500 | ||
|---|---|---|---|
| 999 |
_c65782 _d65782 |
||
| 005 | 20240530110843.0 | ||
| 008 | 200912s2020 ua a f b 000 0dara d | ||
| 017 |
_a2019/11206 _bمصر. دار الكتب |
||
| 020 | _a9789771813743 | ||
| 040 |
_aEG-CaGPL _cEG-CaGPL |
||
| 082 | 0 | 4 |
_221 _a962.031 _bق/ز ع |
| 100 | 0 | _aزينب البكرى | |
| 245 | 1 | 0 |
_aعامة القاهرة : _bتجربة التحديث عصر محمد على 1805 - 1848 / _cتاليف زينب البكرى ؛ تقديم ناصر ابراهيم |
| 250 | _aط.1 | ||
| 260 |
_aالقاهرة : _bمطبعة دار الكتب و الوثائق القومية بالقاهرة ، _c2019 |
||
| 300 |
_a702 ص. ؛ _c24 سم. |
||
| 504 | _aيشتمل على ارجاعات ببليوجرافية | ||
| 650 | _2qrmak | ||
| 651 | 0 | 7 |
_2qrmak _aالقاهرة _xتاريخ |
| 651 | 0 | 7 |
_aمصر _xتاريخ _2qrmak _yالعصر الحديث _yعصر محمد على |
| 700 | 0 |
_aناصر ابراهيم _eمقدم |
|
| 942 |
_2ddc _cBK |
||